Strategic writing (Registro nro. 306530)

Detalles MARC
000 -ENCABEZADO
Número de control [NR] 00988cam a2200277Mc 4500
001 - NÚMERO DE CONTROL
control field ocn845988188
005 - FECHA Y HORA DE LA ÚLTIMA TRANSACCIÓN
control field 20180312143723.0
008 - DE LONGITUD FIJA DE DATOS DE ELEMENTOS - INFORMACIÓN GENERAL
Elementos de longitud fija [NR] 170606s2006 xxu 000 0 eng d
020 ## - NUMERO INTERNACIONAL NORMALIZADO PARA LIBROS [R]
Número Internacional Normalizado del libro [NR] 0814147542
020 ## - NUMERO INTERNACIONAL NORMALIZADO PARA LIBROS [R]
Número Internacional Normalizado del libro [NR] 9780814147542
029 0# - OTRO SISTEMA DE NÚMERO DE CONTROL (OCLC)
OCLC library identifier GBVCP
System control number 502157992
035 ## - NUMERO DE CONTROL DEL SISTEMA [R]
Número de control del sistema [NR] (OCoLC)845988188
040 ## - FUENTE DE CATALOGACION [NR]
Agencia de catalogación original [NR] Co-BoUCM
Idioma de catalogación [NR] spa
Quien Cataloga Saul Niño
Quien Clasifica Saul Niño
041 0# - CODIGO DE IDIOMA [R]
Código de idioma para texto/pista de sonido o título separado [R] Inglés
100 1# - ASIENTO PRINCIPAL--NOMBRE PERSONAL [NR]
Nombre personal [NR] Dean, Deborah
Fechas asociadas con el nombre [NR] 1952-
ID Autoridad 85783
245 10 - MENCION DE TITULO [NR]
Título [NR] Strategic writing
Parte restante del título [NR] the writing process and beyond in the secondary english classroom
Mención de responsabilidad, etc. [NR] Deborah Dean
260 3# - PUBLICACION, DISTRIBUCION, ETC. (PIE DE IMPRENTA) [R]
Lugar de publicación, distribución, etc. [R] Urbana, Ill
Nombre del editor, distribuidor, etc. [R] National Council of Teachers of English
Fecha de publicación, distribución, etc. [R] 2006
300 ## - DESCRIPCION FISICA [R]
Extensión [R] xiii, 203 páginas
546 ## - NOTA DE IDIOMA [R]
Nota de idioma [NR] Texto en inglés
650 #7 - ASIENTO SECUNDARIO DE MATERIA - TERMINO TEMATICO [R]
Término temático o nombre geográfico como elemento de entrada [NR] Inglés básico
Subdivisión general [R] Retorica
9 (RLIN) 17657
650 #7 - ASIENTO SECUNDARIO DE MATERIA - TERMINO TEMATICO [R]
Término temático o nombre geográfico como elemento de entrada [NR] Inglés básico
Subdivisión general [R] Enseñanza
9 (RLIN) 17657
650 #7 - ASIENTO SECUNDARIO DE MATERIA - TERMINO TEMATICO [R]
Término temático o nombre geográfico como elemento de entrada [NR] Escritos académicos
Subdivisión general [R] Enseñanza
9 (RLIN) 14799
650 #7 - ASIENTO SECUNDARIO DE MATERIA - TERMINO TEMATICO [R]
Término temático o nombre geográfico como elemento de entrada [NR] Inglés
9 (RLIN) 7745
Subdivisión de forma [R] Composición y ejercicios
942 ## - ELEMENTOS DE ENTRADA AGREGADOS (KOHA)
Sistema de clasificación DEWEY
Tema principal Lingüística
Tipo de ítem principal el descrito en 300a Libro
Edición 1
Clasificación 808.0420712
Parte restante de la signatura top. D281s
Título oculto en OPAC No
Existencias
Fecha de último préstamo Total préstamos Total Renewals Signatura topográfica Código de barras Última vez visto Ejemplar Costo de reposición Price effective from Tipo de ítem Nota pública (OPAC) Perdido Sistema de clasificación Dañado No prestable Tipo de ítem específico Suprimido Ubicación habitual Ubicación actual Localización Fecha de creación Proveedor Forma de adquisición Costo
19/07/2017 1 1 808.0420712 D281s 100153334 11/12/2025 Ej.1 216074.00 02/06/2017 Libro Spot Literatura general   DEWEY     Libro   Quinta de Mutis Quinta de Mutis Mezanecs 02/06/2017 19 Compra 216074.00